[Event "Madrid San Viator op-A 28th"]
[Site "Madrid"]
[Date "2017.04.09"]
[Round "3"]
[White "Quispe Arteaga, Gabriel"]
[Black "Julian Serra, Rogelio"]
[Result "1-0"]
[WhiteElo "2309"]
[BlackElo "2002"]
[PlyCount "129"]
[EventDate "2017.03.26"]
[EventType "swiss"]
[EventRounds "9"]
[EventCountry "ESP"]
[SourceTitle "EXT 2018"]
[Source "ChessBase"]
[SourceDate "2017.10.13"]
[SourceVersion "1"]
[SourceVersionDate "2017.10.13"]
[SourceQuality "1"]

1. d4 Nf6 2. Nf3 e6 3. g3 c5 4. Bg2 Nc6 5. 0-0 cxd4 6. Nxd4 Bc5 7. Nb3 Bb6 8. Nc3 0-0 9. e4 d5 10. exd5 exd5 11. Bg5 Be6 12. Rb1 h6 13. Bxf6 Qxf6 14. Nxd5 Bxd5 15. Bxd5 Rad8 16. Qf3 Rd6 17. c4 Qxf3 18. Bxf3 Ne5 19. Be2 Rc8 20. Rfc1 Rdc6 21. Nd2 Rd8 22. Rc2 Nd3 23. Bxd3 Rxd3 24. b3 Re6 25. Kf1 f5 26. b4 f4 27. c5 Bc7 28. Re1 Rf6 29. Ne4 Rf7 30. g4 f3 31. Rd2 Rxd2 32. Nxd2 Bxh2 33. Re8+ Kh7 34. Re3 Rd7 35. Nxf3 Bf4 36. Re4 g5 37. Rd4 Rf7 38. Ke2 Kg6 39. a4 Kf6 40. Kd3 Ke6 41. Re4+ Kd7 42. Nd4 Bh2 43. f3 Bg1 44. Nf5 h5 45. Re1 hxg4 46. fxg4 Bh2 47. Kc4 Rh7 48. Rh1 Rh8 49. Rd1+ Kc7 50. b5 Re8 51. a5 Re4+ 52. Rd4 Re6 53. b6+ axb6 54. cxb6+ Kc6 55. Rd5 Be5 56. Rc5+ Kd7 57. Kb5 Bb8 58. a6 bxa6+ 59. Kxa6 Re5 60. Rc4 Re1 61. Nd4 Re4 62. Kb7 Be5 63. Nc6 Re1 64. Nxe5+ Rxe5 65. Rd4+ 1-0

[Event "Madrid San Viator op 24th"]
[Site "Madrid"]
[Date "2015.05.31"]
[Round "9"]
[White "Lopez de Turiso, Jose Angel"]
[Black "Julian Serra, Rogelio"]
[Result "1/2-1/2"]
[WhiteElo "2046"]
[BlackElo "1984"]
[PlyCount "94"]
[EventDate "2015.03.22"]
[EventType "swiss"]
[EventRounds "9"]
[EventCountry "ESP"]
[SourceTitle "EXT 2016"]
[Source "ChessBase"]
[SourceDate "2015.10.08"]
[SourceVersion "1"]
[SourceVersionDate "2015.10.08"]
[SourceQuality "1"]

1. e4 g6 2. d4 Bg7 3. Nc3 d6 4. Be3 Nc6 5. Qd2 e5 6. Nge2 exd4 7. Nxd4 Nxd4 8. Bxd4 Bxd4 9. Qxd4 Qf6 10. 0-0-0 Qxd4 11. Rxd4 Bd7 12. Nb5 Bxb5 13. Bxb5+ Kf8 14. Re1 Kg7 15. e5 c6 16. Bf1 d5 17. c4 Ne7 18. cxd5 Nxd5 19. Bc4 Rad8 20. Red1 Rd7 21. Bxd5 Rhd8 22. Kc2 cxd5 23. Kd3 Re8 24. Re1 Re6 25. f4 b5 26. Rc1 f6 27. exf6+ Kxf6 28. Rc5 Rde7 29. Rxb5 Re2 30. Rdxd5 Rxg2 31. Rd6+ Re6 32. Rxe6+ Kxe6 33. a4 Rxh2 34. a5 h5 35. Ke4 Re2+ 36. Kf3 Rc2 37. a6 Rc6 38. Ra5 Rb6 39. Ra2 Rb3+ 40. Ke4 h4 41. Ra1 Rxb2 42. Rh1 Rb4+ 43. Kf3 Kf5 44. Rxh4 g5 45. Rh7 Rb3+ 46. Kg2 gxf4 47. Rxa7 Ra3 1/2-1/2

[Event "Madrid San Viator op 24th"]
[Site "Madrid"]
[Date "2015.05.24"]
[Round "8"]
[White "Julian Serra, Rogelio"]
[Black "Martinez Barahona, Ismael"]
[Result "1-0"]
[WhiteElo "1984"]
[BlackElo "1818"]
[PlyCount "67"]
[EventDate "2015.03.22"]
[EventType "swiss"]
[EventRounds "9"]
[EventCountry "ESP"]
[SourceTitle "EXT 2016"]
[Source "ChessBase"]
[SourceDate "2015.10.08"]
[SourceVersion "1"]
[SourceVersionDate "2015.10.08"]
[SourceQuality "1"]

1. g3 c6 2. Bg2 d5 3. c4 e6 4. Nf3 Nf6 5. b3 Nbd7 6. Bb2 Bd6 7. d3 0-0 8. 0-0 Qc7 9. Nbd2 b5 10. Rc1 Qa5 11. a3 bxc4 12. dxc4 Bb7 13. b4 Qd8 14. e4 dxe4 15. Ng5 e3 16. fxe3 a5 17. Nb3 Bc7 18. Qc2 h6 19. Rxf6 hxg5 20. Rf2 axb4 21. axb4 Be5 22. Rd1 Ra2 23. Qb1 Rxb2 24. Rxb2 Bxb2 25. Qxb2 Qc7 26. Qd4 Nf6 27. Nc5 e5 28. Qd6 Qb6 29. Nxb7 Qxb7 30. Bxc6 Qb6 31. Rd3 e4 32. Rd4 Ng4 33. Bxe4 Nxe3 34. Qxb6 1-0

[Event "Madrid San Viator op 22nd"]
[Site "Madrid"]
[Date "2014.03.30"]
[Round "2"]
[White "Garcia Osorio Prado, Miguel Angel"]
[Black "Julian Serra, Rogelio"]
[Result "1/2-1/2"]
[WhiteElo "1742"]
[BlackElo "1991"]
[PlyCount "88"]
[EventDate "2014.03.23"]
[EventType "swiss"]
[EventRounds "9"]
[EventCountry "ESP"]
[SourceTitle "EXT 2015"]
[Source "ChessBase"]
[SourceDate "2014.11.20"]
[SourceVersion "1"]
[SourceVersionDate "2014.11.20"]
[SourceQuality "1"]

1. d4 g6 2. c4 Bg7 3. e3 d6 4. Nf3 Bg4 5. Be2 c5 6. 0-0 Nc6 7. d5 Bxf3 8. Bxf3 Ne5 9. Be2 Nf6 10. Nd2 0-0 11. Rb1 b5 12. f4 Nxc4 13. Nxc4 bxc4 14. Bxc4 Rb8 15. Qc2 Qd7 16. e4 Ng4 17. h3 Bd4+ 18. Kh1 Ne3 19. Bxe3 Bxe3 20. Qd3 Bd4 21. b4 Rb6 22. bxc5 Bxc5 23. e5 Rfb8 24. e6 fxe6 25. dxe6 Qe8 26. Rxb6 Rxb6 27. f5 Bb4 28. f6 exf6 29. Rxf6 d5 30. Qxd5 Be7 31. Rf1 Qc6 32. Qxc6 Rxc6 33. Bb5 Rc5 34. Bd7 Rf5 35. Rxf5 gxf5 36. a4 Kg7 37. g3 a5 38. Kg2 Kf6 39. Kf3 Kg5 40. h4+ Kf6 41. g4 fxg4+ 42. Kxg4 Bb4 43. Kf4 h6 44. Ke4 Ke7 1/2-1/2

[Event "Villalba op 1st"]
[Site "Villalba"]
[Date "2013.08.04"]
[Round "9.7"]
[White "Ruiz Sanchez, Roberto"]
[Black "Julian Serra, Rogelio"]
[Result "1/2-1/2"]
[WhiteElo "1958"]
[BlackElo "2012"]
[PlyCount "80"]
[EventDate "2013.07.27"]
[EventType "swiss"]
[EventRounds "9"]
[EventCountry "ESP"]
[SourceTitle "EXT 2024"]
[Source "ChessBase"]
[SourceDate "2023.10.10"]
[SourceVersion "1"]
[SourceVersionDate "2023.10.10"]
[SourceQuality "1"]

1. e4 d5 2. exd5 Nf6 3. d4 Nxd5 4. Nf3 Bg4 5. Be2 Nc6 6. h3 Bh5 7. 0-0 e6 8. c4 Nb6 9. Nc3 Be7 10. Be3 Bxf3 11. Bxf3 Nxc4 12. Bxc6+ bxc6 13. Qa4 Nb6 14. Qxc6+ Qd7 15. Qf3 0-0 16. Rac1 c6 17. Rfd1 Nd5 18. Ne4 Rfb8 19. Rd2 a5 20. Qd1 Ra6 21. Rc4 Rab6 22. b3 Ra6 23. Qc1 Rbb6 24. Rdc2 Qb7 25. Nc5 Bxc5 26. dxc5 Rb5 27. Qd2 Rb4 28. Bf4 a4 29. bxa4 Raxa4 30. Rxb4 Rxb4 31. Bd6 Qb5 32. Kh2 Qa4 33. Rb2 f6 34. Rxb4 Nxb4 35. Qb2 e5 36. a3 Nd5 37. Qb7 Qf4+ 38. Kg1 Nc3 39. Qb3+ Nd5 40. Qb8+ Kf7 1/2-1/2

[Event "Madrid San Viator op 20th"]
[Site "Madrid"]
[Date "2013.06.02"]
[Round "8"]
[White "Julian Serra, Rogelio"]
[Black "Brasa Olmos, Joaquin"]
[Result "1-0"]
[WhiteElo "2014"]
[BlackElo "1542"]
[PlyCount "69"]
[EventDate "2013.04.07"]
[EventType "swiss"]
[EventRounds "9"]
[EventCountry "ESP"]
[SourceTitle "EXT 2014"]
[Source "ChessBase"]
[SourceDate "2013.11.20"]
[SourceVersion "1"]
[SourceVersionDate "2013.11.20"]
[SourceQuality "1"]

1. c4 e5 2. Nc3 Nf6 3. g3 c6 4. Bg2 Be7 5. d3 d6 6. Nf3 0-0 7. 0-0 Be6 8. b4 Qc8 9. Ng5 Bg4 10. Rb1 h6 11. Nge4 Bh3 12. Nxf6+ Bxf6 13. b5 Bxg2 14. Kxg2 Bd8 15. Qb3 Nd7 16. Ba3 Bc7 17. bxc6 bxc6 18. Qb7 c5 19. Qxc8 Rfxc8 20. Rb7 Nb6 21. Nb5 Bb8 22. f4 a6 23. Nc3 Ba7 24. fxe5 Rf8 25. exd6 Nc8 26. Ne4 f5 27. Bb2 Rf7 28. d7 Nb6 29. Rxa7 Rxd7 30. Rxa8+ Nxa8 31. Rxf5 Rb7 32. Bc3 Nb6 33. Nxc5 Re7 34. e4 g6 35. Rf6 1-0

[Event "Madrid San Viator op 20th"]
[Site "Madrid"]
[Date "2013.04.28"]
[Round "4"]
[White "Julian Serra, Rogelio"]
[Black "Unciti Juan, Javier"]
[Result "0-1"]
[WhiteElo "2014"]
[BlackElo "2196"]
[PlyCount "92"]
[EventDate "2013.04.07"]
[EventType "swiss"]
[EventRounds "9"]
[EventCountry "ESP"]
[SourceTitle "EXT 2014"]
[Source "ChessBase"]
[SourceDate "2013.11.20"]
[SourceVersion "1"]
[SourceVersionDate "2013.11.20"]
[SourceQuality "1"]

1. c4 e6 2. g3 d5 3. Bg2 Nf6 4. Nf3 Be7 5. 0-0 0-0 6. e3 c5 7. b3 Nc6 8. Bb2 d4 9. exd4 cxd4 10. Re1 Re8 11. d3 Bb4 12. Nbd2 e5 13. a3 Bc3 14. Ra2 Bg4 15. Qc1 Bxb2 16. Rxb2 Qd7 17. b4 Qf5 18. Qb1 Rad8 19. b5 Nb8 20. Nh4 Qc8 21. Ne4 Nxe4 22. Bxe4 g5 23. Qc1 f6 24. Ng2 Nd7 25. h4 h6 26. f3 Be6 27. f4 exf4 28. gxf4 f5 29. fxg5 fxe4 30. gxh6 e3 31. Nxe3 dxe3 32. Qxe3 Qc5 33. d4 Qh5 34. Qc3 Bg4 35. Rf1 Qxh6 36. Rg2 Re4 37. Qf3 Qe6 38. d5 Qg6 39. Qg3 Kh7 40. h5 Qg7 41. Qd3 Nc5 42. Qc2 Rg8 43. Qf2 Qd4 44. Kh2 Qxf2 45. Rgxf2 Bxh5 46. Rf5 Rh4# 0-1

[Event "Madrid San Viator op 20th"]
[Site "Madrid"]
[Date "2013.04.21"]
[Round "3"]
[White "San Felipe Gonzalez, Tomas"]
[Black "Julian Serra, Rogelio"]
[Result "0-1"]
[WhiteElo "1649"]
[BlackElo "2014"]
[PlyCount "48"]
[EventDate "2013.04.07"]
[EventType "swiss"]
[EventRounds "9"]
[EventCountry "ESP"]
[SourceTitle "EXT 2014"]
[Source "ChessBase"]
[SourceDate "2013.11.20"]
[SourceVersion "1"]
[SourceVersionDate "2013.11.20"]
[SourceQuality "1"]

1. d4 Nf6 2. c4 e5 3. dxe5 Ng4 4. Nf3 Nc6 5. Nc3 Bc5 6. e3 0-0 7. Be2 Re8 8. 0-0 Ncxe5 9. Nxe5 Nxe5 10. Kh1 a5 11. f4 Ng6 12. e4 d6 13. a3 f5 14. exf5 Nh4 15. Bg4 Nxf5 16. Bxf5 Bxf5 17. Qd5+ Be6 18. Qxb7 Bxc4 19. Rd1 Rb8 20. Qf3 Qh4 21. g3 Qh3 22. Ne4 Rb3 23. Nc3 Rxc3 24. bxc3 Re2 0-1

[Event "Madrid Oliver Gonzalez Memorial-B 3rd"]
[Site "Madrid"]
[Date "2012.09.03"]
[Round "3"]
[White "Julian Serra, Rogelio"]
[Black "Alvarez Gonzalez, Eduardo"]
[Result "1/2-1/2"]
[WhiteElo "2042"]
[BlackElo "1771"]
[PlyCount "136"]
[EventDate "2012.09.01"]
[EventType "swiss"]
[EventRounds "9"]
[EventCountry "ESP"]
[SourceTitle "CBM 150 Extra"]
[Source "ChessBase"]
[SourceDate "2012.10.19"]
[SourceVersion "1"]
[SourceVersionDate "2012.10.19"]
[SourceQuality "1"]

1. c4 e5 2. Nc3 Nf6 3. g3 Nc6 4. Bg2 Bc5 5. Nf3 d6 6. d3 0-0 7. 0-0 Re8 8. Bg5 h6 9. Bxf6 Qxf6 10. Ne4 Qe6 11. Nxc5 dxc5 12. a3 Bd7 13. Nd2 a5 14. Ne4 b6 15. Nc3 Rac8 16. Rb1 Ne7 17. b4 cxb4 18. axb4 axb4 19. Rxb4 Bc6 20. Nb5 Bxg2 21. Kxg2 Qc6+ 22. f3 Qc5 23. Qd2 Nf5 24. Rfb1 Red8 25. Na7 Ra8 26. Rb5 Ne3+ 27. Kh1 Nxc4 28. Qa2 Qa3 29. Qxc4 Qxa7 30. Rxe5 Qa2 31. Rc1 Qxc4 32. Rxc4 c5 33. Rc2 Re8 34. Rxe8+ Rxe8 35. Kg1 f5 36. Kf2 Kf7 37. Rc4 Rd8 38. Ke3 Ke6 39. g4 fxg4 40. Rxg4 g5 41. h4 Kf5 42. hxg5 hxg5 43. Re4 Rd5 44. Kd2 b5 45. Rg4 Rd7 46. Kc3 Kf6 47. f4 gxf4 48. Rxf4+ Ke5 49. Rh4 Ke6 50. Rh6+ Kd5 51. e4+ Ke5 52. Rc6 c4 53. Rc5+ Ke6 54. d4 Rb7 55. Kb4 Rd7 56. Re5+ Kf6 57. Rf5+ Kg6 58. Kc3 Re7 59. Rxb5 Rxe4 60. Kxc4 Kf6 61. Kd5 Re6 62. Rb7 Ra6 63. Rd7 Ra4 64. Kc5 Ke6 65. Rd8 Ra5+ 66. Kc6 Ra6+ 67. Kb5 Rd6 68. Re8+ Kd5 1/2-1/2

[Event "Tres Cantos op 4th"]
[Site "Tres Cantos"]
[Date "2012.06.26"]
[Round "6"]
[White "Julian Serra, Rogelio"]
[Black "Bartolome Chicharro, Jesus"]
[Result "1-0"]
[WhiteElo "2057"]
[BlackElo "1807"]
[PlyCount "39"]
[EventDate "2012.06.21"]
[EventType "swiss"]
[EventRounds "9"]
[EventCountry "ESP"]
[SourceTitle "CBM 149 Extra"]
[Source "ChessBase"]
[SourceDate "2012.08.24"]
[SourceVersion "1"]
[SourceVersionDate "2012.08.24"]
[SourceQuality "1"]

1. d4 e6 2. Nf3 d5 3. e3 Nf6 4. Bd3 Be7 5. 0-0 0-0 6. Nbd2 b6 7. e4 dxe4 8. Nxe4 Bb7 9. Re1 Nbd7 10. c3 Rc8 11. Qc2 Kh8 12. Nfg5 h6 13. Re3 hxg5 14. Nxg5 Ng4 15. Rh3+ Nh6 16. Nh7 Rg8 17. Qd2 Nf8 18. Nf6 g5 19. Rxh6+ Kg7 20. Qxg5+ 1-0

[Event "Galapagar op 10th"]
[Site "Galapagar"]
[Date "2009.07.20"]
[Round "3"]
[White "Ananian, Arman"]
[Black "Julian Serra, Rogelio"]
[Result "0-1"]
[WhiteElo "1790"]
[BlackElo "2014"]
[PlyCount "56"]
[EventDate "2009.07.18"]
[EventType "swiss"]
[EventRounds "9"]
[EventCountry "ESP"]
[SourceTitle "EXT 2010"]
[Source "ChessBase"]
[SourceDate "2010.11.25"]
[SourceVersion "1"]
[SourceVersionDate "2010.11.25"]
[SourceQuality "1"]

1. e4 d5 2. exd5 Nf6 3. d4 Nxd5 4. c4 Nb6 5. Nc3 e5 6. d5 c6 7. Be3 cxd5 8. Nxd5 Nxd5 9. Qxd5 Bb4+ 10. Bd2 Bxd2+ 11. Qxd2 Qxd2+ 12. Kxd2 Nc6 13. Nf3 Bf5 14. Be2 Rd8+ 15. Kc3 e4 16. Nd2 Nd4 17. Bd1 b5 18. Nxe4 0-0 19. Ng3 Bg6 20. b3 Nc6 21. Be2 b4+ 22. Kb2 Rd2+ 23. Kc1 Rc2+ 24. Kd1 Rd8+ 25. Ke1 Nd4 26. Bd1 Re8+ 27. Kf1 Bd3+ 28. Kg1 Re1+ 0-1

[Event "Galapagar op 08th"]
[Site "Galapagar"]
[Date "2007.07.22"]
[Round "2.10"]
[White "Julian Serra, Rogelio"]
[Black "Madina Yadarola, Martin"]
[Result "0-1"]
[WhiteElo "2000"]
[BlackElo "2256"]
[PlyCount "54"]
[EventDate "2007.07.21"]
[EventType "swiss"]
[EventRounds "9"]
[EventCountry "ESP"]
[SourceTitle "EXT 2024"]
[Source "ChessBase"]
[SourceDate "2023.10.10"]
[SourceVersion "1"]
[SourceVersionDate "2023.10.10"]
[SourceQuality "1"]

1. c4 e6 2. Nc3 d5 3. g3 d4 4. Nb5 a6 5. Na3 c5 6. d3 Nc6 7. Bg2 Bd6 8. Nc2 Nf6 9. Nh3 Bd7 10. a3 e5 11. Ng5 h6 12. Ne4 Nxe4 13. dxe4 b5 14. b3 bxc4 15. bxc4 Na5 16. Ne3 0-0 17. Nf5 Be6 18. 0-0 Rb8 19. f4 Bxf5 20. fxe5 Be6 21. exd6 Nxc4 22. Bf4 g5 23. e5 gxf4 24. gxf4 Ne3 25. Qd2 Kh8 26. Rf3 Rg8 27. Rg3 Qh4 0-1

[Event "Collado Villalba op 23rd"]
[Site "Collado Villalba"]
[Date "2006.08.19"]
[Round "1"]
[White "Julian Serra, Rogelio"]
[Black "Elissalt Cardenas, Hector"]
[Result "0-1"]
[WhiteElo "1975"]
[BlackElo "2329"]
[PlyCount "84"]
[EventDate "2006.08.19"]
[EventType "swiss"]
[EventRounds "9"]
[EventCountry "ESP"]
[SourceTitle "CBM 113 Extra"]
[Source "ChessBase"]
[SourceDate "2006.09.14"]
[SourceVersion "1"]
[SourceVersionDate "2006.09.14"]
[SourceQuality "1"]

1. c4 f5 2. Nf3 Nf6 3. g3 g6 4. Nc3 Bg7 5. Bg2 0-0 6. 0-0 d6 7. d4 Qe8 8. e4 fxe4 9. Ng5 Nc6 10. d5 Ne5 11. Nb5 Qd8 12. Nd4 Nxc4 13. Nde6 Bxe6 14. Nxe6 Qd7 15. Bh3 Rac8 16. Kg2 Qb5 17. a4 Qb4 18. Nxg7 Kxg7 19. Bxc8 Rxc8 20. Qd4 Qc5 21. Qxc5 dxc5 22. b3 Nb6 23. Be3 Nbxd5 24. Bxc5 a5 25. Rae1 b6 26. Bd4 c5 27. Bb2 c4 28. Rxe4 c3 29. Rc4 Rxc4 30. bxc4 cxb2 31. cxd5 Nxd5 32. Rb1 Nc3 33. Rxb2 Nxa4 34. Rb5 Kf7 35. Kf3 Ke8 36. Kg4 Kd7 37. Kg5 Kc6 38. Rb1 Nc5 39. Kh6 b5 40. Kxh7 b4 41. Kxg6 b3 42. h4 a4 0-1

[Event "Galapagar op 07th"]
[Site "Galapagar"]
[Date "2006.07.25"]
[Round "4"]
[White "Julian Serra, Rogelio"]
[Black "Semprun Martinez, Fernando M"]
[Result "0-1"]
[WhiteElo "1975"]
[BlackElo "2166"]
[PlyCount "84"]
[EventDate "2006.07.22"]
[EventType "swiss"]
[EventRounds "7"]
[EventCountry "ESP"]
[SourceTitle "EXT 2007"]
[Source "ChessBase"]
[SourceDate "2006.11.23"]
[SourceVersion "1"]
[SourceVersionDate "2006.11.23"]
[SourceQuality "1"]

1. c4 c5 2. Nc3 Nc6 3. g3 g6 4. Bg2 Bg7 5. Nf3 e5 6. 0-0 Nge7 7. Ne1 0-0 8. Nc2 d6 9. Rb1 Be6 10. d3 d5 11. b3 h6 12. e4 dxe4 13. Nxe4 b6 14. Nc3 Qd7 15. Ne3 Bh3 16. Re1 Bxg2 17. Kxg2 Nb4 18. Ng4 Nxd3 19. Re3 Rad8 20. Qf3 f5 21. Nxh6+ Bxh6 22. Rxd3 Qxd3 23. Bxh6 Qxf3+ 24. Kxf3 Rd3+ 25. Ke2 Rxc3 26. Bxf8 Kxf8 27. Kd2 Rf3 28. Ke2 e4 29. Rd1 Rd3 30. Rxd3 exd3+ 31. Kxd3 Nc6 32. Ke3 Kf7 33. h4 Nb4 34. a3 Nc2+ 35. Kd2 Nd4 36. b4 f4 37. Kd3 fxg3 38. fxg3 Nf5 39. bxc5 bxc5 40. g4 Nxh4 41. Ke4 Ke6 42. a4 g5 0-1

[Event "Collado Villalba op-A 19th"]
[Site "Collado Villalba"]
[Date "2002.08.28"]
[Round "6"]
[White "Egartner, Wolfgang"]
[Black "Julian Serra, Rogelio"]
[Result "1-0"]
[WhiteElo "2137"]
[BlackElo "2140"]
[PlyCount "101"]
[EventDate "2002.08.26"]
[EventType "swiss"]
[EventRounds "9"]
[EventCountry "ESP"]
[SourceTitle "EXT 2003"]
[Source "ChessBase"]
[SourceDate "2002.11.25"]
[SourceVersion "1"]
[SourceVersionDate "2002.11.25"]
[SourceQuality "1"]

1. d4 Nf6 2. Nf3 e6 3. g3 d5 4. c4 c6 5. Bg2 Bd6 6. 0-0 0-0 7. Nbd2 Nbd7 8. Re1 Re8 9. e4 dxe4 10. Ng5 e3 11. Rxe3 e5 12. dxe5 Nxe5 13. Nde4 Nxe4 14. Rxe4 Qf6 15. Rh4 Bf5 16. Ne4 Bxe4 17. Rxe4 Re7 18. h4 h6 19. Bf4 Rae8 20. Qe2 Ng6 21. Bxd6 Rxe4 22. Bxe4 Qxd6 23. Qd3 Qxd3 24. Bxd3 Ne5 25. Rd1 c5 26. Kf1 Nf3 27. Be2 Nd4 28. Rd2 Kf8 29. Bd1 Re6 30. b4 b6 31. bxc5 bxc5 32. Rb2 Rb6 33. Rxb6 axb6 34. Ke1 Ke7 35. Kd2 Kd6 36. Ke3 g5 37. hxg5 hxg5 38. f4 f6 39. fxg5 fxg5 40. Ke4 Ke6 41. Bh5 Kf6 42. Kd5 Ke7 43. a4 Kd7 44. Ke5 Ke7 45. Bg4 Nc2 46. Be2 Nd4 47. Bd1 Ne6 48. Kd5 Nd4 49. Ke5 Ne6 50. Kf5 Kf7 51. Bg4 1-0